000 00419nam a22001577a 4500
003 OSt
005 20210924152902.0
008 210924b |||||||| |||| 00| 0 eng d
040 _cHawassa University
050 _a611.018028/WER
082 _a611.018028/WER
_b1
100 _aWerner,Henry J.
_97279
245 _aSynopsis of Histology
260 _aNew York
_bMcGraw-Hill Book Company, Inc
_c1961
942 _2ddc
_cBOOKS
_n0
999 _c6886
_d6886